| 000 | 00711nam a22002411 4500 | ||
|---|---|---|---|
| 001 | 1223110 | ||
| 003 | ARRUPE | ||
| 005 | 20211027104827.0 | ||
| 008 | 850610s1963 enk b 000 0 eng | ||
| 010 | _a 63003484 | ||
| 040 |
_aDLC/ICU _cICU _dDLC |
||
| 050 | 0 | 0 |
_aQC6 _b.W32 |
| 082 | 0 | 0 | _a530.101 |
| 100 | 1 |
_aWatson, W. H. _q(William Heriot), _d1899- _950716 |
|
| 245 | 1 | 0 |
_aUnderstanding physics today. _cW.H. Watson |
| 260 |
_aCambridge [Eng.] _bUniversity Press, _c1963. |
||
| 300 |
_a218 p. _c22 cm. |
||
| 504 | _aIncludes bibliography. | ||
| 650 | 0 |
_aPhysics _xPhilosophy. |
|
| 650 | 0 |
_aMathematical physics. _913931 |
|
| 906 |
_a7 _bcbc _corignew _du _eocip _f19 _gy-gencatlg |
||
| 942 |
_2lcc _cMONOGRAPH |
||
| 999 |
_c130993 _d130993 |
||